|
|
|
|
| LEADER |
00000naa2a2200000 4500 |
| 001 |
606605 |
| 005 |
20260303160519.0 |
| 035 |
|
|
|a (RuTPU)RU\TPU\conf\3984
|
| 035 |
|
|
|a RU\TPU\conf\2908
|
| 090 |
|
|
|a 606605
|
| 100 |
|
|
|a 20140604d2010 k y0rusy50 ca
|
| 101 |
0 |
|
|a rus
|
| 102 |
|
|
|a RU
|
| 135 |
|
|
|a drgn ---uucaa
|
| 181 |
|
0 |
|a i
|
| 182 |
|
0 |
|a b
|
| 200 |
1 |
|
|a Получение меченых технецием-99м магнитоуправляемых наноколлоидов для медицинской диагностики
|f П. С. Постников [и др.]
|
| 203 |
|
|
|a Текст
|c электронный
|
| 215 |
|
|
|a 1 файл (219 Кб)
|
| 225 |
1 |
|
|a Химические технологии редких, рассеянных и радиоактивных элементов
|
| 300 |
|
|
|a Заглавие с титульного листа.
|
| 300 |
|
|
|a Электронная версия печатной публикации.
|
| 337 |
|
|
|a Adobe Reader
|
| 463 |
|
1 |
|0 (RuTPU)RU\TPU\conf\110
|t Физико-технические проблемы атомной энергетики и промышленности
|o сборник тезисов докладов V Международной научно-практической конференции, г. Томск, 7-8 июня 2010 г.
|f Национальный исследовательский Томский политехнический университет (ТПУ) ; под ред. В. А. Власова и др.
|v [С. 116]
|d 2010
|
| 610 |
1 |
|
|a электронный ресурс
|
| 610 |
1 |
|
|a труды учёных ТПУ
|
| 610 |
1 |
|
|a технеций
|
| 610 |
1 |
|
|a технеций-99м
|
| 610 |
1 |
|
|a магнитоуправляемые наноколлоиды
|
| 610 |
1 |
|
|a медицинская диагностика
|
| 701 |
|
1 |
|a Постников
|b П. С.
|c химик-органик
|c доцент Томского политехнического университета, кандидат химических наук
|f 1984-
|g Павел Сергеевич
|3 (RuTPU)RU\TPU\pers\27922
|9 12925
|
| 701 |
|
1 |
|a Трусова
|b М. Е.
|c химик-органик
|c доцент Томского политехнического университета, кандидат химических наук
|f 1982-
|g Марина Евгеньевна
|3 (RuTPU)RU\TPU\pers\27927
|9 12930
|
| 701 |
|
1 |
|a Нестеров
|b Е. А.
|c физик, специалист в области атомной энергетики
|c научный сотрудник Томского политехнического университета
|f 1976-
|g Евгений Александрович
|3 (RuTPU)RU\TPU\pers\30198
|9 14592
|
| 701 |
|
1 |
|a Белянин
|b М. Л.
|c химик-органик
|c доцент Томского политехнического университета, кандидат химических наук
|f 1973-
|g Максим Львович
|3 (RuTPU)RU\TPU\pers\29200
|9 13807
|
| 701 |
|
1 |
|a Скуридин
|b В. С.
|c физик, специалист в области атомной энергетики
|c профессор Томского политехнического университета, доктор технических наук
|f 1946-
|g Виктор Сергеевич
|3 (RuTPU)RU\TPU\pers\27551
|9 12755
|
| 701 |
|
1 |
|a Филимонов
|b В. Д.
|c химик
|c профессор Томского политехнического университета, доктор химических наук
|f 1945-
|g Виктор Дмитриевич
|3 (RuTPU)RU\TPU\pers\12908
|9 3693
|
| 701 |
|
1 |
|a Рогов
|b А. С.
|c радиохимик
|c аспирант, инженер Томского политехнического университета
|f 1986-
|g Александр Сергеевич
|3 (RuTPU)RU\TPU\pers\29744
|
| 701 |
|
1 |
|a Садкин
|b В. Л.
|c физик
|c младший научный сотрудник Томского политехнического университета, кандидат технических наук
|f 1986-
|g Владимир Леонидович
|3 (RuTPU)RU\TPU\pers\31553
|9 15713
|
| 801 |
|
2 |
|a RU
|b 63413507
|c 20150918
|g RCR
|
| 850 |
|
|
|a 63413507
|
| 856 |
4 |
|
|u http://www.lib.tpu.ru/fulltext/c/2010/C49/005.pdf
|
| 942 |
|
|
|c CF
|